000 00400nam a2200145Ia 4500
008 231217s9999 xx 000 0 und d
041 _aEnglish
082 _a001.64404 KAL;10
100 _aKalakota, Ravi Whinston, Andrew B
245 0 _aFrontiers of electronic commerce
260 _c1996
_bPearson Education
_aDelhi
300 _a864
650 _aFrontiers,electronic,commerce
942 _cAA
999 _c174603
_d174603